Der Diwan des Abdallah ibn al-Mutazz

محفوظ في:

المؤلف الرئيسي: Abd Allāh Ibn al-Muʻtazz.

مؤلفون آخرون: Bernhard Lewin.

التنسيق: كتاب

اللغة: Undetermined

منشور في: Istanbul : Staatsdruckerei, 1945.

سلاسل: Nasharāt al-Islāmīyah

الوسوم: إضافة وسم

لا توجد وسوم, كن أول من يضع وسما على هذه التسجيلة!

رقم الطلب: PJ7745 .I57 v.4

LEADER 00444nam a2200145Ia 4500
008 240329s9999||||xx |||||||||||||| ||und||
050 4 |a PJ7745 .I57 v.4 
100 1 |a Abd Allāh Ibn al-Muʻtazz. 
245 1 0 |a  Der Diwan des Abdallah ibn al-Mutazz  |c Abd Allāh Ibn al-Muʻtazz 
264 1 |a Istanbul :  |b Staatsdruckerei,  |c 1945. 
300 |a 245  |c 25 cm. 
490 0 |a  Nasharāt al-Islāmīyah 
700 1 |a Bernhard Lewin. 
942 |2 lcc  |c BK 
999 |c 57616  |d 57616